[Event "Russian Blitz Team Championship (m)"]
[Site "Sochi"]
[Date "2022.10.17"]
[Round "2.10"]
[White "Tomashevsky, Evgeny"]
[Black "Shubin, Kirill"]
[Result "1-0"]
[BlackElo "2416"]
[WhiteElo "2695"]
[LiveChessVersion "1.4.8"]

1. c4 {[%clk 0:03:03]} e5 {[%clk 0:03:03]} 2. Nc3 {[%clk 0:03:02]} Nc6
{[%clk 0:03:04]} 3. g3 {[%clk 0:03:03]} g6 {[%clk 0:03:05]} 4. Bg2
{[%clk 0:03:03]} Bg7 {[%clk 0:03:06]} 5. d3 {[%clk 0:03:03]} d6 {[%clk 0:03:07]}
6. Rb1 {[%clk 0:03:02]} a5 {[%clk 0:03:07]} 7. a3 {[%clk 0:03:03]} Nge7
{[%clk 0:03:06]} 8. e3 {[%clk 0:02:57]} Be6 {[%clk 0:03:01]} 9. Nd5
{[%clk 0:02:58]} Qd7 {[%clk 0:02:57]} 10. Ne2 {[%clk 0:02:58]} O-O
{[%clk 0:02:52]} 11. O-O {[%clk 0:02:56]} Nd8 {[%clk 0:02:28]} 12. Nec3
{[%clk 0:02:54]} Nxd5 {[%clk 0:02:13]} 13. Nxd5 {[%clk 0:02:54]} Rb8
{[%clk 0:02:03]} 14. b4 {[%clk 0:02:47]} axb4 {[%clk 0:01:59]} 15. axb4
{[%clk 0:02:48]} b5 {[%clk 0:01:50]} 16. Qe2 {[%clk 0:02:37]} c6 {[%clk 0:01:31]}
17. Nc3 {[%clk 0:02:37]} Bh3 {[%clk 0:01:23]} 18. cxb5 {[%clk 0:02:33]} Bxg2
{[%clk 0:01:22]} 19. Kxg2 {[%clk 0:02:34]} cxb5 {[%clk 0:01:22]} 20. e4
{[%clk 0:02:32]} f5 {[%clk 0:01:23]} 21. f3 {[%clk 0:02:29]} Ne6 {[%clk 0:01:16]}
22. Nd5 {[%clk 0:02:16]} Nd4 {[%clk 0:00:52]} 23. Qd1 {[%clk 0:02:16]} Ra8
{[%clk 0:00:44]} 24. Rb2 {[%clk 0:02:15]} Ra1 {[%clk 0:00:37]} 25. Qd2
{[%clk 0:02:14]} Qf7 {[%clk 0:00:24]} 26. Ra2 {[%clk 0:01:50]} Rb1
{[%clk 0:00:17]} 27. Rb2 {[%clk 0:01:22]} Ra1 {[%clk 0:00:18]} 28. Ra2
{[%clk 0:01:21]} Rb1 {[%clk 0:00:19]} 29. Qc3 {[%clk 0:01:05]} fxe4
{[%clk 0:00:16]} 30. dxe4 {[%clk 0:01:06]} Rb3 {[%clk 0:00:17]} 31. Qc7
{[%clk 0:01:04]} Qxc7 {[%clk 0:00:13]} 32. Nxc7 {[%clk 0:01:05]} Rfxf3
{[%clk 0:00:12]} 33. Rxf3 {[%clk 0:01:05]} Nxf3 {[%clk 0:00:12]} 34. Ra8+
{[%clk 0:01:02]} Kf7 {[%clk 0:00:12]} 35. Nxb5 {[%clk 0:01:03]} Ne1+
{[%clk 0:00:11]} 36. Kf1 {[%clk 0:01:02]} Nd3 {[%clk 0:00:12]} 37. Bd2
{[%clk 0:01:02]} Nxb4 {[%clk 0:00:07]} 38. Ra7+ {[%clk 0:01:00]} Kg8
{[%clk 0:00:08]} 39. Nxd6 {[%clk 0:01:00]} Nc6 {[%clk 0:00:08]} 40. Ra8+
{[%clk 0:01:01]} Rb8 {[%clk 0:00:10]} 41. Rxb8+ {[%clk 0:00:53]} Nxb8
{[%clk 0:00:10]} 42. Ke2 {[%clk 0:00:54]} Nc6 {[%clk 0:00:08]} 43. Bc3
{[%clk 0:00:54]} Kf8 {[%clk 0:00:08]} 44. Kd3 {[%clk 0:00:54]} Ke7
{[%clk 0:00:09]} 45. Nc4 {[%clk 0:00:52]} Ke6 {[%clk 0:00:10]} 46. Ke2
{[%clk 0:00:50]} Bf8 {[%clk 0:00:10]} 47. Nd2 {[%clk 0:00:47]} Bc5
{[%clk 0:00:10]} 48. Nf3 {[%clk 0:00:48]} Nd4+ {[%clk 0:00:06]} 49. Bxd4
{[%clk 0:00:48]} Bxd4 {[%clk 0:00:06]} 50. Ng5+ {[%clk 0:00:49]} Ke7
{[%clk 0:00:06]} 51. Nxh7 {[%clk 0:00:49]} Bg1 {[%clk 0:00:07]} 52. h4
{[%clk 0:00:49]} Bc5 {[%clk 0:00:06]} 53. Ng5 {[%clk 0:00:50]} Kf6
{[%clk 0:00:06]} 54. Kf3 {[%clk 0:00:51]} Bb6 {[%clk 0:00:06]} 55. Kg4
{[%clk 0:00:51]} Bc5 {[%clk 0:00:07]} 56. h5 {[%clk 0:00:48]} gxh5+
{[%clk 0:00:05]} 57. Kxh5 {[%clk 0:00:49]} Bf2 {[%clk 0:00:06]} 58. g4
{[%clk 0:00:48]} Be3 {[%clk 0:00:05]} 59. Nf3 {[%clk 0:00:49]} Bf4
{[%clk 0:00:06]} 60. g5+ {[%clk 0:00:49]} Kg7 {[%clk 0:00:07]} 61. Kg4
{[%clk 0:00:50]} Kg6 {[%clk 0:00:06]} 62. Nh4+ {[%clk 0:00:51]} Kf7
{[%clk 0:00:07]} 63. Kf5 {[%clk 0:00:52]} Ke7 {[%clk 0:00:08]} 64. Ng6+
{[%clk 0:00:53]} 1-0

[Event "Russian Blitz Team Championship (m)"]
[Site "Sochi"]
[Date "2022.10.17"]
[Round "2.11"]
[White "Pershin, Denis"]
[Black "Drygalov, Andrey"]
[Result "1-0"]
[BlackElo "2498"]
[WhiteElo "2300"]
[LiveChessVersion "1.4.8"]

1. d4 {[%clk 0:03:02]} Nf6 {[%clk 0:03:02]} 2. c4 {[%clk 0:03:04]} e6
{[%clk 0:02:58]} 3. Nc3 {[%clk 0:03:05]} d5 {[%clk 0:02:59]} 4. cxd5
{[%clk 0:03:01]} exd5 {[%clk 0:03:00]} 5. Bg5 {[%clk 0:03:02]} c6
{[%clk 0:03:01]} 6. e3 {[%clk 0:03:03]} h6 {[%clk 0:03:01]} 7. Bh4
{[%clk 0:03:04]} Be7 {[%clk 0:03:02]} 8. Bd3 {[%clk 0:03:04]} O-O
{[%clk 0:03:02]} 9. Nge2 {[%clk 0:03:06]} Re8 {[%clk 0:02:58]} 10. O-O
{[%clk 0:03:05]} a5 {[%clk 0:03:00]} 11. f3 {[%clk 0:02:59]} b5 {[%clk 0:02:59]}
12. Bf2 {[%clk 0:02:48]} Nbd7 {[%clk 0:02:56]} 13. e4 {[%clk 0:02:47]} b4
{[%clk 0:02:17]} 14. Na4 {[%clk 0:02:47]} dxe4 {[%clk 0:02:18]} 15. fxe4
{[%clk 0:02:49]} Ng4 {[%clk 0:02:13]} 16. Bc4 {[%clk 0:02:27]} Ndf6
{[%clk 0:02:02]} 17. Qb3 {[%clk 0:02:28]} Rf8 {[%clk 0:01:53]} 18. e5
{[%clk 0:01:50]} Nd5 {[%clk 0:01:44]} 19. Qf3 {[%clk 0:01:27]} Nxf2
{[%clk 0:01:42]} 20. Rxf2 {[%clk 0:01:25]} Be6 {[%clk 0:01:44]} 21. Bd3
{[%clk 0:01:09]} Qd7 {[%clk 0:01:07]} 22. Re1 {[%clk 0:00:56]} f5
{[%clk 0:00:54]} 23. exf6 {[%clk 0:00:41]} Rxf6 {[%clk 0:00:39]} 24. Qe4
{[%clk 0:00:43]} Rxf2 {[%clk 0:00:31]} 25. Qh7+ {[%clk 0:00:44]} Kf7
{[%clk 0:00:26]} 26. Kxf2 {[%clk 0:00:41]} Rg8 {[%clk 0:00:08]} 27. Kg1
{[%clk 0:00:36]} Nf6 {[%clk 0:00:09]} 28. Qg6+ {[%clk 0:00:32]} Kf8
{[%clk 0:00:10]} 29. Nc5 {[%clk 0:00:14]} Bxc5 {[%clk 0:00:11]} 30. dxc5
{[%clk 0:00:15]} Bf7 {[%clk 0:00:11]} 31. Qg3 {[%clk 0:00:15]} g5
{[%clk 0:00:04]} 32. Qf3 {[%clk 0:00:14]} Kg7 {[%clk 0:00:05]} 33. Ng3
{[%clk 0:00:15]} Bg6 {[%clk 0:00:04]} 34. Bxg6 {[%clk 0:00:15]} Kxg6
{[%clk 0:00:05]} 35. Rd1 {[%clk 0:00:16]} Qe6 {[%clk 0:00:04]} 36. Rd6
{[%clk 0:00:16]} Qe5 {[%clk 0:00:05]} 37. Ne4 {[%clk 0:00:13]} Rf8
{[%clk 0:00:07]} 38. Rxc6 {[%clk 0:00:13]} Qd4+ {[%clk 0:00:08]} 39. Kh1
{[%clk 0:00:11]} Kg7 {[%clk 0:00:08]} 40. Rxf6 {[%clk 0:00:11]} Rxf6
{[%clk 0:00:08]} 41. Qxf6+ {[%clk 0:00:12]} Qxf6 {[%clk 0:00:09]} 42. Nxf6 Kxf6
{[%clk 0:00:10]} 43. h4 {[%clk 0:00:11]} Ke5 {[%clk 0:00:09]} 44. hxg5
{[%clk 0:00:11]} hxg5 {[%clk 0:00:10]} 45. Kh2 {[%clk 0:00:12]} Kd5
{[%clk 0:00:11]} 46. Kg3 {[%clk 0:00:14]} Kxc5 47. Kg4 {[%clk 0:00:16]} Kc4
{[%clk 0:00:09]} 48. Kxg5 {[%clk 0:00:17]} Kd3 {[%clk 0:00:10]} 49. Kf4
{[%clk 0:00:17]} Kc2 {[%clk 0:00:11]} 50. g4 {[%clk 0:00:17]} Kxb2
{[%clk 0:00:12]} 51. g5 {[%clk 0:00:18]} Kxa2 {[%clk 0:00:13]} 52. g6
{[%clk 0:00:20]} b3 {[%clk 0:00:13]} 53. g7 {[%clk 0:00:21]} b2 {[%clk 0:00:13]}
54. g8=Q+ {[%clk 0:00:22]} Ka3 {[%clk 0:00:13]} 55. Qf8+ {[%clk 0:00:18]} Ka2 56.
Qf7+ {[%clk 0:00:15]} Ka3 {[%clk 0:00:12]} 57. Qe7+ {[%clk 0:00:15]} Kb3
{[%clk 0:00:09]} 58. Qe6+ {[%clk 0:00:09]} Kc2 {[%clk 0:00:07]} 59. Qc4+
{[%clk 0:00:10]} Kd2 {[%clk 0:00:05]} 60. Qb3 {[%clk 0:00:09]} Kc1
{[%clk 0:00:06]} 61. Qc3+ {[%clk 0:00:10]} Kb1 {[%clk 0:00:07]} 62. Qxa5
{[%clk 0:00:11]} Kc2 {[%clk 0:00:06]} 63. Qc7+ {[%clk 0:00:11]} Kd2
{[%clk 0:00:05]} 64. Qd6+ {[%clk 0:00:12]} Kc2 {[%clk 0:00:06]} 65. Qc5+
{[%clk 0:00:14]} Kd2 {[%clk 0:00:08]} 66. Qb4+ {[%clk 0:00:15]} Kc2
{[%clk 0:00:09]} 67. Qc4+ {[%clk 0:00:16]} Kd2 {[%clk 0:00:10]} 68. Qb3
{[%clk 0:00:18]} Kc1 {[%clk 0:00:10]} 69. Qc3+ {[%clk 0:00:19]} 1-0

[Event "Russian Blitz Team Championship (m)"]
[Site "Sochi"]
[Date "2022.10.17"]
[Round "2.12"]
[White "Khegay, Dmitriy"]
[Black "Timerkhanov, Alexander"]
[Result "1/2-1/2"]
[BlackElo "2272"]
[WhiteElo "2457"]
[LiveChessVersion "1.4.8"]

1. c4 {[%clk 0:03:03]} c6 {[%clk 0:03:03]} 2. g3 {[%clk 0:03:02]} d5
{[%clk 0:03:04]} 3. Nf3 {[%clk 0:03:03]} Bg4 {[%clk 0:03:04]} 4. Bg2
{[%clk 0:02:53]} e6 {[%clk 0:03:03]} 5. Ne5 {[%clk 0:02:53]} Bf5 {[%clk 0:02:59]}
6. O-O {[%clk 0:02:51]} Nd7 {[%clk 0:02:58]} 7. d4 {[%clk 0:02:50]} Nxe5
{[%clk 0:02:35]} 8. dxe5 {[%clk 0:02:51]} Bc5 {[%clk 0:02:05]} 9. Nc3
{[%clk 0:02:44]} Ne7 {[%clk 0:02:02]} 10. cxd5 {[%clk 0:02:40]} exd5
{[%clk 0:01:57]} 11. e4 {[%clk 0:02:38]} dxe4 {[%clk 0:01:49]} 12. Nxe4
{[%clk 0:02:39]} Bxe4 {[%clk 0:01:43]} 13. Bxe4 {[%clk 0:02:39]} Qxd1
{[%clk 0:01:38]} 14. Rxd1 {[%clk 0:02:40]} Ng6 {[%clk 0:01:37]} 15. b4
{[%clk 0:02:05]} Bxb4 {[%clk 0:01:34]} 16. Rb1 {[%clk 0:02:06]} Bc5
{[%clk 0:01:28]} 17. Rxb7 {[%clk 0:02:03]} O-O {[%clk 0:01:27]} 18. Bb2
{[%clk 0:01:25]} Rab8 {[%clk 0:01:11]} 19. Rdd7 {[%clk 0:01:26]} Rxb7
{[%clk 0:01:05]} 20. Rxb7 {[%clk 0:01:27]} Rc8 {[%clk 0:01:06]} 21. e6
{[%clk 0:01:23]} f6 {[%clk 0:01:04]} 22. Kg2 {[%clk 0:01:14]} Ne7
{[%clk 0:00:54]} 23. h4 {[%clk 0:01:14]} h6 24. g4 {[%clk 0:01:11]} Kf8
{[%clk 0:00:39]} 25. f4 {[%clk 0:01:12]} Rd8 {[%clk 0:00:37]} 26. Bc3
{[%clk 0:01:10]} Bb6 {[%clk 0:00:23]} 27. g5 {[%clk 0:01:02]} hxg5
{[%clk 0:00:21]} 28. hxg5 {[%clk 0:01:03]} fxg5 {[%clk 0:00:22]} 29. f5
{[%clk 0:00:58]} Rc8 {[%clk 0:00:09]} 30. Bxg7+ {[%clk 0:00:49]} Kxg7
{[%clk 0:00:09]} 31. Rxe7+ {[%clk 0:00:50]} Kf6 {[%clk 0:00:10]} 32. Rf7+
{[%clk 0:00:50]} Ke5 {[%clk 0:00:12]} 33. Bc2 {[%clk 0:00:42]} Bc5
{[%clk 0:00:12]} 34. Kf3 {[%clk 0:00:29]} Rb8 {[%clk 0:00:11]} 35. Bb3
{[%clk 0:00:30]} Rd8 {[%clk 0:00:11]} 36. e7 {[%clk 0:00:27]} Rh8
{[%clk 0:00:07]} 37. f6 {[%clk 0:00:26]} a5 {[%clk 0:00:05]} 38. Kg4
{[%clk 0:00:24]} a4 {[%clk 0:00:07]} 39. Bxa4 {[%clk 0:00:24]} Ke4
{[%clk 0:00:03]} 40. Bc2+ {[%clk 0:00:23]} Ke5 {[%clk 0:00:04]} 41. Bb3
{[%clk 0:00:24]} Bd6 {[%clk 0:00:04]} 42. Kxg5 {[%clk 0:00:23]} c5
{[%clk 0:00:05]} 43. Kg6 {[%clk 0:00:16]} Rc8 {[%clk 0:00:05]} 44. Rh7
{[%clk 0:00:16]} 1/2-1/2

[Event "Russian Blitz Team Championship (m)"]
[Site "Sochi"]
[Date "2022.10.17"]
[Round "2.13"]
[White "Afanasiev, Nikita"]
[Black "Gutenev, Alexander"]
[Result "1-0"]
[BlackElo "2414"]
[WhiteElo "2541"]
[LiveChessVersion "1.4.8"]

1. e4 {[%clk 0:03:02]} c5 {[%clk 0:03:03]} 2. Nc3 {[%clk 0:03:03]} Nc6
{[%clk 0:03:04]} 3. Bb5 {[%clk 0:03:03]} Nd4 {[%clk 0:03:04]} 4. Nf3
{[%clk 0:03:02]} Nxb5 {[%clk 0:02:59]} 5. Nxb5 {[%clk 0:03:03]} d6
{[%clk 0:02:59]} 6. d4 {[%clk 0:03:03]} a6 {[%clk 0:03:00]} 7. Nc3
{[%clk 0:03:03]} cxd4 {[%clk 0:03:01]} 8. Qxd4 {[%clk 0:03:01]} e5
{[%clk 0:03:01]} 9. Qd3 {[%clk 0:03:00]} h6 {[%clk 0:02:56]} 10. Nd2
{[%clk 0:02:59]} Be6 {[%clk 0:02:55]} 11. Nc4 {[%clk 0:02:55]} Rc8
{[%clk 0:02:56]} 12. Ne3 {[%clk 0:02:56]} Nf6 {[%clk 0:02:56]} 13. a4
{[%clk 0:02:53]} Qc7 {[%clk 0:02:52]} 14. O-O {[%clk 0:02:51]} Be7
{[%clk 0:02:53]} 15. Bd2 {[%clk 0:02:51]} O-O {[%clk 0:02:52]} 16. Rfc1
{[%clk 0:02:51]} Rfd8 {[%clk 0:02:52]} 17. Ncd5 {[%clk 0:02:47]} Bxd5
{[%clk 0:02:50]} 18. exd5 {[%clk 0:02:47]} Bf8 {[%clk 0:02:38]} 19. c4
{[%clk 0:02:35]} a5 {[%clk 0:02:31]} 20. Nf5 {[%clk 0:02:31]} b6 {[%clk 0:02:07]}
21. Ra3 {[%clk 0:02:24]} Qd7 {[%clk 0:02:04]} 22. Qh3 {[%clk 0:02:04]} Kh7
{[%clk 0:01:56]} 23. Rg3 {[%clk 0:01:21]} Ne4 {[%clk 0:01:32]} 24. Rxg7+
{[%clk 0:01:17]} Bxg7 {[%clk 0:01:27]} 25. Bxh6 {[%clk 0:01:17]} Bf6
{[%clk 0:00:29]} 26. Be3+ {[%clk 0:00:39]} Kg6 {[%clk 0:00:16]} 27. Qh6+
{[%clk 0:00:36]} Kxf5 {[%clk 0:00:17]} 28. Qh7+ {[%clk 0:00:38]} 1-0

[Event "Russian Blitz Team Championship (m)"]
[Site "Sochi"]
[Date "2022.10.17"]
[Round "2.14"]
[White "Salemgareev, Tagir"]
[Black "Tsydypov, Zhamsaran"]
[Result "0-1"]
[BlackElo "2598"]
[WhiteElo "2366"]
[LiveChessVersion "1.4.8"]

1. e4 {[%clk 0:03:01]} c6 {[%clk 0:02:59]} 2. d4 {[%clk 0:03:02]} d5
{[%clk 0:03:00]} 3. e5 {[%clk 0:03:03]} Bf5 {[%clk 0:02:59]} 4. h4
{[%clk 0:03:04]} h6 {[%clk 0:02:58]} 5. Bd3 {[%clk 0:03:02]} Bxd3
{[%clk 0:02:55]} 6. Qxd3 {[%clk 0:03:03]} e6 {[%clk 0:02:55]} 7. h5
{[%clk 0:03:03]} Qa5+ {[%clk 0:02:54]} 8. Nc3 {[%clk 0:02:54]} c5
{[%clk 0:02:41]} 9. Nf3 {[%clk 0:02:52]} c4 {[%clk 0:02:40]} 10. Qe2
{[%clk 0:02:49]} Nc6 {[%clk 0:02:40]} 11. O-O {[%clk 0:02:48]} Nge7
{[%clk 0:02:40]} 12. Nd1 {[%clk 0:02:13]} Nc8 {[%clk 0:02:33]} 13. Ne3
{[%clk 0:02:09]} b5 {[%clk 0:02:31]} 14. Nh2 {[%clk 0:02:05]} Nxd4
{[%clk 0:02:29]} 15. Qd1 {[%clk 0:02:05]} Nc6 {[%clk 0:02:28]} 16. f4
{[%clk 0:02:02]} Bc5 {[%clk 0:02:26]} 17. Kh1 {[%clk 0:02:03]} N8e7
{[%clk 0:02:21]} 18. Qg4 {[%clk 0:01:52]} d4 {[%clk 0:02:16]} 19. Nd1
{[%clk 0:01:48]} Nf5 {[%clk 0:02:15]} 20. Nf2 {[%clk 0:01:49]} Qd8
{[%clk 0:02:11]} 21. Ne4 {[%clk 0:01:49]} Qd5 {[%clk 0:02:11]} 22. Nxc5
{[%clk 0:01:46]} Qxc5 {[%clk 0:02:12]} 23. Nf3 {[%clk 0:01:46]} Nce7
{[%clk 0:02:12]} 24. Rd1 {[%clk 0:01:23]} O-O {[%clk 0:02:08]} 25. Nxd4
{[%clk 0:00:55]} Nxd4 {[%clk 0:02:07]} 26. Be3 {[%clk 0:00:56]} Nef5
{[%clk 0:02:07]} 27. Bf2 {[%clk 0:00:57]} c3 {[%clk 0:02:08]} 0-1

[Event "Russian Blitz Team Championship (m)"]
[Site "Sochi"]
[Date "2022.10.17"]
[Round "2.15"]
[White "Moiseenko, Vadim"]
[Black "Baigildin, Albert"]
[Result "1-0"]
[BlackElo "2258"]
[WhiteElo "2492"]
[LiveChessVersion "1.4.8"]

1. Nf3 {[%clk 0:03:03]} Nf6 {[%clk 0:03:02]} 2. g3 {[%clk 0:03:04]} g6
{[%clk 0:03:03]} 3. Bg2 {[%clk 0:03:04]} Bg7 {[%clk 0:03:04]} 4. O-O
{[%clk 0:03:05]} O-O {[%clk 0:03:04]} 5. c4 {[%clk 0:03:06]} d5 {[%clk 0:03:04]}
6. cxd5 {[%clk 0:03:00]} Nxd5 {[%clk 0:03:05]} 7. Nc3 {[%clk 0:02:56]} Nb6
{[%clk 0:03:03]} 8. d3 {[%clk 0:02:57]} c6 {[%clk 0:03:02]} 9. Bf4
{[%clk 0:02:43]} Na6 {[%clk 0:03:02]} 10. Qd2 {[%clk 0:02:42]} Re8
{[%clk 0:03:03]} 11. Rac1 {[%clk 0:02:42]} e5 {[%clk 0:02:48]} 12. Bh6
{[%clk 0:02:42]} Bh8 {[%clk 0:02:48]} 13. Ne4 {[%clk 0:02:39]} Be6
{[%clk 0:02:36]} 14. b4 {[%clk 0:02:32]} Bd5 {[%clk 0:02:31]} 15. Nc5
{[%clk 0:01:56]} Nxc5 {[%clk 0:02:19]} 16. bxc5 {[%clk 0:01:56]} Nd7
{[%clk 0:02:18]} 17. e4 {[%clk 0:01:45]} Be6 {[%clk 0:02:17]} 18. Ng5
{[%clk 0:01:46]} Nf8 {[%clk 0:01:58]} 19. Bxf8 {[%clk 0:01:39]} Rxf8
{[%clk 0:01:51]} 20. Nxe6 {[%clk 0:01:40]} fxe6 {[%clk 0:01:51]} 21. Bh3
{[%clk 0:01:40]} Qe7 {[%clk 0:01:45]} 22. Qb4 {[%clk 0:01:16]} Rad8
{[%clk 0:01:40]} 23. Qb3 {[%clk 0:01:14]} Bf6 {[%clk 0:00:41]} 24. Rc4
{[%clk 0:00:47]} Rd4 {[%clk 0:00:09]} 25. Rxd4 {[%clk 0:00:45]} exd4
{[%clk 0:00:10]} 26. Qxe6+ {[%clk 0:00:43]} Qxe6 {[%clk 0:00:11]} 27. Bxe6+
{[%clk 0:00:45]} Kh8 {[%clk 0:00:10]} 28. Rb1 {[%clk 0:00:46]} Re8
{[%clk 0:00:11]} 29. Bd7 {[%clk 0:00:45]} Re5 {[%clk 0:00:10]} 30. Rxb7 Rxc5
{[%clk 0:00:11]} 31. Be6 {[%clk 0:00:30]} Rc3 {[%clk 0:00:08]} 32. Bc4
{[%clk 0:00:28]} a5 {[%clk 0:00:08]} 33. f4 {[%clk 0:00:22]} Rc2 {[%clk 0:00:10]}
34. e5 {[%clk 0:00:15]} 1-0

[Event "Russian Blitz Team Championship (m)"]
[Site "Sochi"]
[Date "2022.10.17"]
[Round "2.16"]
[White "Somkin, Kirill"]
[Black "Rozum, Ivan"]
[Result "0-1"]
[BlackElo "2428"]
[WhiteElo "2196"]
[LiveChessVersion "1.4.8"]

1. d4 {[%clk 0:03:02]} Nf6 {[%clk 0:03:03]} 2. Nc3 {[%clk 0:03:03]} d5
{[%clk 0:03:03]} 3. Bf4 {[%clk 0:03:04]} e6 {[%clk 0:03:00]} 4. e3
{[%clk 0:03:05]} a6 {[%clk 0:03:00]} 5. g4 {[%clk 0:03:06]} c5 {[%clk 0:02:59]}
6. g5 {[%clk 0:03:07]} Nfd7 {[%clk 0:03:00]} 7. Nf3 {[%clk 0:03:04]} Nc6
{[%clk 0:03:00]} 8. h4 {[%clk 0:02:53]} b5 {[%clk 0:02:54]} 9. Bh3
{[%clk 0:02:38]} Nb6 {[%clk 0:02:45]} 10. Ne2 {[%clk 0:02:27]} Bd6
{[%clk 0:02:34]} 11. h5 {[%clk 0:02:19]} Qe7 {[%clk 0:02:25]} 12. Kf1
{[%clk 0:01:41]} e5 {[%clk 0:02:17]} 13. dxe5 {[%clk 0:01:41]} Nxe5
{[%clk 0:02:17]} 14. Nxe5 {[%clk 0:01:39]} Bxe5 {[%clk 0:02:17]} 15. Bxc8
{[%clk 0:01:33]} Rxc8 {[%clk 0:02:18]} 16. c3 {[%clk 0:01:20]} Rd8
{[%clk 0:02:05]} 17. Qc2 {[%clk 0:01:05]} O-O {[%clk 0:01:55]} 18. Re1
{[%clk 0:00:45]} Rfe8 {[%clk 0:01:48]} 19. Qf5 {[%clk 0:00:25]} Nc4
{[%clk 0:01:32]} 20. b3 {[%clk 0:00:15]} Nd6 {[%clk 0:01:29]} 21. Qg4
{[%clk 0:00:10]} Ne4 {[%clk 0:01:26]} 22. Kg2 {[%clk 0:00:09]} Nxc3
{[%clk 0:01:15]} 23. Nxc3 {[%clk 0:00:07]} Bxc3 {[%clk 0:01:16]} 24. Rc1
{[%clk 0:00:09]} d4 {[%clk 0:01:12]} 25. g6 {[%clk 0:00:08]} fxg6
{[%clk 0:01:05]} 26. hxg6 {[%clk 0:00:10]} Qe4+ {[%clk 0:01:06]} 27. Kg3
{[%clk 0:00:04]} Qxg6 {[%clk 0:01:05]} 28. Qxg6 {[%clk 0:00:04]} hxg6
{[%clk 0:01:06]} 29. Rhd1 {[%clk 0:00:03]} b4 {[%clk 0:00:48]} 30. Bc7
{[%clk 0:00:04]} Rd5 {[%clk 0:00:45]} 31. exd4 {[%clk 0:00:03]} cxd4
{[%clk 0:00:46]} 32. Rd3 {[%clk 0:00:03]} Re2 {[%clk 0:00:40]} 33. Rh1
{[%clk 0:00:03]} Rxa2 {[%clk 0:00:36]} 34. Rf3 {[%clk 0:00:03]} Rg5+
{[%clk 0:00:36]} 35. Kf4 {[%clk 0:00:04]} Rf5+ {[%clk 0:00:37]} 36. Ke4
{[%clk 0:00:05]} Rxf3 {[%clk 0:00:38]} 37. Kxf3 {[%clk 0:00:06]} Rb2
{[%clk 0:00:37]} 38. Ke4 {[%clk 0:00:05]} Rxb3 {[%clk 0:00:36]} 39. f4
{[%clk 0:00:04]} Rb2 {[%clk 0:00:35]} 40. Rg1 {[%clk 0:00:04]} Kf7
{[%clk 0:00:36]} 41. Rg5 {[%clk 0:00:05]} Re2+ {[%clk 0:00:35]} 42. Kd3
{[%clk 0:00:04]} Re3+ {[%clk 0:00:36]} 43. Kc4 {[%clk 0:00:04]} d3
{[%clk 0:00:35]} 44. Rd5 {[%clk 0:00:04]} d2 {[%clk 0:00:36]} 45. Bb6
{[%clk 0:00:03]} Re1 {[%clk 0:00:37]} 46. Rd7+ {[%clk 0:00:03]} Ke6
{[%clk 0:00:38]} 47. Kd4 Ke5+ 0-1

[Event "Russian Blitz Team Championship (m)"]
[Site "Sochi"]
[Date "2022.10.17"]
[Round "3.1"]
[White "Grachev, Boris"]
[Black "Vastrukhin, Oleg"]
[Result "1/2-1/2"]
[BlackElo "2345"]
[WhiteElo "2565"]
[LiveChessVersion "1.4.8"]

1. d4 {[%clk 0:03:02]} g6 {[%clk 0:03:03]} 2. Nf3 {[%clk 0:03:03]} Bg7
{[%clk 0:03:04]} 3. Bf4 {[%clk 0:03:04]} Nf6 {[%clk 0:03:04]} 4. e3
{[%clk 0:03:04]} O-O {[%clk 0:03:04]} 5. Be2 {[%clk 0:03:01]} d6 {[%clk 0:03:01]}
6. h3 {[%clk 0:03:00]} Nbd7 {[%clk 0:03:00]} 7. O-O {[%clk 0:02:59]} c5
{[%clk 0:02:58]} 8. c3 {[%clk 0:02:59]} b6 {[%clk 0:02:58]} 9. a4
{[%clk 0:02:59]} a6 {[%clk 0:02:58]} 10. Nbd2 {[%clk 0:02:59]} Bb7
{[%clk 0:02:59]} 11. Bh2 {[%clk 0:02:59]} Ne4 {[%clk 0:02:50]} 12. Nxe4
{[%clk 0:02:53]} Bxe4 {[%clk 0:02:51]} 13. Nd2 {[%clk 0:02:52]} Bb7
{[%clk 0:02:49]} 14. Re1 {[%clk 0:02:46]} Qc7 {[%clk 0:02:35]} 15. Bg3
{[%clk 0:02:32]} Bc6 {[%clk 0:02:19]} 16. Bf3 {[%clk 0:02:25]} Qb7
{[%clk 0:02:07]} 17. Bxc6 {[%clk 0:02:17]} Qxc6 {[%clk 0:02:08]} 18. Nf3
{[%clk 0:02:18]} b5 {[%clk 0:02:05]} 19. axb5 {[%clk 0:01:53]} axb5
{[%clk 0:02:02]} 20. Rxa8 {[%clk 0:01:40]} Rxa8 {[%clk 0:02:03]} 21. d5
{[%clk 0:01:41]} Qa6 {[%clk 0:02:00]} 22. e4 {[%clk 0:01:43]} Qa2
{[%clk 0:01:52]} 23. Qe2 {[%clk 0:01:20]} b4 {[%clk 0:01:45]} 24. Qb5
{[%clk 0:01:10]} Qa4 {[%clk 0:01:33]} 25. Qxa4 {[%clk 0:01:03]} Rxa4
{[%clk 0:01:33]} 26. e5 {[%clk 0:01:03]} dxe5 {[%clk 0:01:22]} 27. Nxe5
{[%clk 0:01:03]} Nxe5 {[%clk 0:01:13]} 28. Bxe5 {[%clk 0:01:04]} Bxe5
{[%clk 0:01:14]} 29. Rxe5 {[%clk 0:01:04]} Kf8 {[%clk 0:01:16]} 30. Re4
{[%clk 0:00:49]} Ra1+ {[%clk 0:01:15]} 31. Kh2 {[%clk 0:00:50]} b3
{[%clk 0:01:14]} 32. Rc4 {[%clk 0:00:40]} Ra5 {[%clk 0:01:10]} 33. Re4
{[%clk 0:00:33]} Ra2 {[%clk 0:01:07]} 34. Rc4 {[%clk 0:00:11]} Rxb2
{[%clk 0:01:07]} 35. Rxc5 {[%clk 0:00:12]} Rxf2 {[%clk 0:01:07]} 36. Rb5
{[%clk 0:00:13]} b2 {[%clk 0:01:07]} 37. c4 {[%clk 0:00:12]} Rc2 {[%clk 0:01:04]}
38. Kg3 {[%clk 0:00:11]} Ke8 {[%clk 0:00:55]} 39. Kf3 {[%clk 0:00:09]} Rxc4
{[%clk 0:00:37]} 40. Rxb2 {[%clk 0:00:09]} Rd4 {[%clk 0:00:37]} 41. Rb5
{[%clk 0:00:10]} Kd7 {[%clk 0:00:36]} 42. Ke3 {[%clk 0:00:11]} Ra4
{[%clk 0:00:36]} 43. Rb6 {[%clk 0:00:06]} h5 {[%clk 0:00:35]} 44. Kf3
{[%clk 0:00:03]} g5 {[%clk 0:00:33]} 45. Ke3 {[%clk 0:00:04]} Ra3+
{[%clk 0:00:31]} 46. Ke4 {[%clk 0:00:05]} Rg3 {[%clk 0:00:31]} 47. Rb2
{[%clk 0:00:06]} Kd6 {[%clk 0:00:27]} 48. Rb6+ {[%clk 0:00:07]} Kc7
{[%clk 0:00:24]} 49. Rb2 {[%clk 0:00:08]} h4 {[%clk 0:00:18]} 50. Ke5
{[%clk 0:00:09]} g4 {[%clk 0:00:16]} 51. hxg4 {[%clk 0:00:08]} Rxg4
{[%clk 0:00:17]} 52. Ra2 {[%clk 0:00:07]} Rg5+ {[%clk 0:00:16]} 53. Kd4
{[%clk 0:00:06]} f6 {[%clk 0:00:16]} 54. Ra7+ {[%clk 0:00:04]} Kd6
{[%clk 0:00:16]} 55. Ra6+ {[%clk 0:00:05]} Kd7 {[%clk 0:00:17]} 56. Ra2
{[%clk 0:00:07]} Ke8 {[%clk 0:00:16]} 57. Kc5 {[%clk 0:00:03]} e6
{[%clk 0:00:15]} 58. Kd6 {[%clk 0:00:05]} exd5 {[%clk 0:00:14]} 59. Ke6
{[%clk 0:00:06]} Re5+ {[%clk 0:00:09]} 60. Kxf6 {[%clk 0:00:07]} Re4
{[%clk 0:00:06]} 61. Rd2 {[%clk 0:00:06]} Rg4 {[%clk 0:00:03]} 62. Kf5
{[%clk 0:00:05]} Rg3 {[%clk 0:00:04]} 63. Kf4 {[%clk 0:00:05]} Ke7
{[%clk 0:00:04]} 64. Rxd5 {[%clk 0:00:06]} Rxg2 {[%clk 0:00:04]} 65. Rh5
{[%clk 0:00:07]} Rh2 {[%clk 0:00:05]} 66. Kg4 {[%clk 0:00:08]} h3
{[%clk 0:00:06]} 67. Rxh3 {[%clk 0:00:09]} Rxh3 {[%clk 0:00:08]} 68. Kxh3 1/2-1/2